000 01604nam a2200325 b 4500
001 bimo0000505803
003 AR-RoIUNI
005 20180802130906.0
007 ta
008 960912s1996 sp | r ||| ||spa d
016 7 _abimoBNE19960439208
_2SpMaBN
017 _aB 1302-1996
_bOficina Depósito Legal Barcelona
020 _a8433905244
035 _a(OCoLC)34236498
040 _aSpMaBN
_cIUNIR
041 1 _aspa
_hfre
080 _a1:82
100 1 _aDeleuze, Gilles,
_d1925-1995.
_918
240 1 0 _aCritique et clinique
_lEspañol
245 1 0 _aCrítica y clínica /
_cGilles Deleuze ; traducción de Thomas Kauf.
260 _aBarcelona :
_bAnagrama,
_c1996.
300 _a211 p. ;
_c22 cm.
490 1 _aColección Argumentos ;
_v174
505 0 _a1. La literatura y la vida -- 2. Louis Wolfson o el procedimiento -- 3. Lewis Carroll -- 4. La mayor película irlandesa (<<Película>> de Beckett) -- 5. Sobre cuatro fórmulas poéticas que podrían resumir la filosofía kantiana -- 6. Nietzche y San Pablo, Lawrence y Juan de Patmos -- 7. Re-presentación de Masoch -- 8. Whitman -- 9. Lo que dicen los niños -- 10. Bartleby o la fórmula -- 11. Un precursor desconocido de Heidegger: Alfred Jarry -- 12. Misterio de Ariadna según Nietzsche -- 13. Balbució -- 14. La vergüenza y la gloria: T. E. Lawrence -- 15. Para acabar de una vez con el juicio -- 16. Platón, los griegos -- 17. Spinoza y las tres <<éticas>>.
650 4 _aPSICOLOGÍA
650 4 _aLITERATURA
650 4 _aFILOSOFÍA
830 0 _aColección Argumentos (Editorial Anagrama) ;
_v174
942 _2cdu
_cBK
999 _c3190
_d3190